| 000 | 00761nam a2200217 a 4500 | ||
|---|---|---|---|
| 001 | BRCA_1843 | ||
| 005 | 20190320203554.0 | ||
| 008 | 940630s1993 mx-a---##b---f000-0#spa-# | ||
| 020 | _a9682951135 | ||
| 040 |
_aDLC _cDLC _dDLC |
||
| 050 | 4 |
_aTS1095.M4 _b.S26 1993 |
|
| 100 | 1 |
_aSánchez de Bonfil, Ma. Cristina _95718 |
|
| 245 | 1 | 0 |
_aEl papel del papel en la Nueva España, 1740-1812 _cMa. Cristina Sánchez de Bonfil. |
| 260 |
_aMéxico _bINAH _c1993 |
||
| 300 |
_a296 p. _bil. blanco y negro _c20 cm. |
||
| 440 | 0 |
_aColección Divulgación _pSerie Historia _95719 |
|
| 504 | _aBibliografía: p. 295-296 | ||
| 650 | 1 | 4 |
_aPapel _xHistoria _ySiglo XVIII y XIX _zMéxico _95720 |
| 650 | 1 | 4 |
_aMarcas de agua _xHistoria _ySiglo XVIII y XIX _zMéxico _95721 |
| 942 |
_2lcc _cB |
||
| 999 |
_c1622 _d1622 |
||